| 000 | 01601nam2a2200253 4500 | ||
|---|---|---|---|
| 001 | rc\3014849 | ||
| 005 | 20110925163924.4 | ||
| 035 | _a(NLR Aleph) 007157197 | ||
| 090 |
_a13618044 _c13618044 |
||
| 100 | _a20110925d1937 u y0rusy50 ca | ||
| 101 | 0 | _arus | |
| 102 | _aRU | ||
| 105 | _aa z ||||| | ||
| 200 | 1 |
_aВинты. Ветряки. Вентиляторы. Аэродинамическая труба _fПод ред. проф. А.П. Котельникова и проф. В.П. Ветчинкина |
|
| 210 | _d1937 | ||
| 215 |
_a430 с., 3 вкл. л. _cил. _d22 см |
||
| 461 | 0 |
_1001rc\3014843 _12001#$aПолное собрание сочинений$fпроф. Н.Е. Жуковский$gПод ред. проф. А.П. Котельникова$gС биогр. очерком, сост. проф. В.В. Голубевым$gЦентр. аэрогидродинамич. ин-т им. проф. Н.Е. Жуковского. Комиссия по изд. трудов проф. Н.Е. Жуковского$vТ. 6 _1700#1$aЖуковский$bН.Е.$gНиколай Егорович$f1847-1921 _97212159 _aЖуковский, Н. Е. (специалист в обл. аэродинамики ; 1847-1921) _cМосква _d1937 _fпроф. Н.Е. Жуковский _nОНТИ, Глав. ред. авиац. лит-ры _tПолное собрание сочинений _vТ. 6 |
|
| 702 | 1 |
_aКотельников _bА.П. _4340 |
|
| 702 | 1 |
_aВетчинкин _bВ.П. _4340 |
|
| 801 | 0 |
_aRU _bNLR _gpsbo |
|
| 801 | 1 |
_aRU _bELAR _2rusmarc |
|
| 852 |
_aNLR _j35-18/297 |
||
| 942 | _cBOOK | ||
| 980 | _aNB | ||